000 00519nam a22001937a 4500
003 OSt
005 20140310181803.0
008 130703t xxu||||| |||| 00| 0 eng d
050 _aPE 1591
_b.W385 1993
082 _aREF 423
_bW39 1993
245 _aWebster's Dictionary :
_bover 250,000 words & meanings.
260 _aAshland, Ohio
_bLandoll, Inc
_cc1993.
300 _a224 p.;
_c19 cm.
521 _aBasic Ed. Students
541 _j1
541 _j1
562 _e2
942 _2lcc
_cBK-GR
_kREF
999 _c3680
_d3680